000 00916nam a2200277 i 4500
003 DO-SdBNP
005 20240815093711.0
006 a||||gr|||| 00| 0
007 ta
008 240814e1993 dr a|||| |||| 00| f spa d
040 _aDO-SdBNP
_bspa
_cBNPHU
_erda
082 4 _222
_aRD863.44
_bV443j
100 1 _aVeloz Maggiolo, Marcio,
_d1936-2021
_91104
_eautor
245 1 0 _aEl jefe iba descalzo:
_bnovela /
_cMarcio Veloz Maggiolo.
264 1 _aSanto Domingo :
_bTobogan,
_c1993
300 _a73 páginas :
_bilustraciones ;
_c22 cm.
336 _2rdacontent
_atexto
_btxt
337 _2rdamedia
_asin mediación
_bn
338 _2rdacarrier
_avolumen
_bnc
490 _aBiblioteca Juvenil Tobogan ;
_v5
500 _aIncluye datos biográficos del autor en la primera página.
590 _aInventariado 2024 / MF
650 4 _aNovela dominicana.
_9223
650 4 _aLiteratura dominicana.
_967
942 _2ddc
_cLBS1
999 _c57449
_d57449